[Event "Rhein Main op 09th"]
[Site "Bad Homburg"]
[Date "2006.06.16"]
[Round "4.48"]
[White "Ehling, Dieter"]
[Black "Kiessling, Robert"]
[Result "1-0"]
[WhiteElo "1310"]
[BlackElo "791"]
[PlyCount "123"]
[EventDate "2006.06.14"]
[EventType "swiss"]
[EventRounds "7"]
[EventCountry "GER"]
[SourceTitle "EXT 2007"]
[Source "ChessBase"]
[SourceDate "2006.11.23"]
[SourceVersion "1"]
[SourceVersionDate "2006.11.23"]
[SourceQuality "1"]

1. e4 e5 2. Nf3 Nc6 3. Bb5 Nf6 4. 0-0 Nxe4 5. Re1 d5 6. d3 a6 7. Bxc6+ bxc6 8. dxe4 Bg4 9. h3 Bh5 10. g4 Bg6 11. exd5 Bd6 12. dxc6 0-0 13. Nc3 Re8 14. Bg5 Qb8 15. b3 Qb6 16. Na4 Qxc6 17. c4 Be4 18. Re3 f5 19. Nc3 Bb4 20. Nxe4 fxe4 21. Ne1 Bc5 22. Re2 h6 23. Be3 a5 24. Bxc5 Qxc5 25. Qd5+ Qxd5 26. cxd5 a4 27. b4 Red8 28. Rxe4 Rxd5 29. Nf3 Re8 30. Rae1 Rd3 31. Kg2 Red8 32. Rxe5 a3 33. Re8+ Rxe8 34. Rxe8+ Kf7 35. Re3 Rxe3 36. fxe3 Ke6 37. Nd4+ Kd5 38. Nc2 Kc4 39. Nxa3+ Kxb4 40. Nc2+ Ka4 41. a3 c5 42. e4 Kb3 43. e5 c4 44. e6 Kxc2 45. e7 Kb3 46. e8Q Kxa3 47. Qe3+ Kb4 48. Qc1 g5 49. Kf3 c3 50. Ke3 Kc4 51. Qc2 h5 52. gxh5 Kb4 53. Kd3 Kc5 54. Qxc3+ Kd6 55. Qf6+ Kd5 56. Qxg5+ Kd6 57. Kd4 Kd7 58. Qf6 Kc7 59. Kc5 Kd7 60. Qf7+ Kd8 61. Kc6 Kc8 62. Qc7# 1-0

[Event "Rhein Main op 09th"]
[Site "Bad Homburg"]
[Date "2006.06.15"]
[Round "3.45"]
[White "Kiessling, Robert"]
[Black "Reinl, Walter"]
[Result "0-1"]
[WhiteElo "791"]
[BlackElo "1500"]
[PlyCount "84"]
[EventDate "2006.06.14"]
[EventType "swiss"]
[EventRounds "7"]
[EventCountry "GER"]
[SourceTitle "EXT 2007"]
[Source "ChessBase"]
[SourceDate "2006.11.23"]
[SourceVersion "1"]
[SourceVersionDate "2006.11.23"]
[SourceQuality "1"]

1. e4 c5 2. Bc4 d6 3. d3 Nf6 4. Nc3 e6 5. Be3 Nc6 6. Nf3 Qb6 7. b3 a6 8. 0-0 Qc7 9. d4 b5 10. Be2 cxd4 11. Bxd4 Nxd4 12. Qxd4 Bb7 13. e5 dxe5 14. Qxe5 Bd6 15. Qg5 Qxc3 16. Qxg7 Rg8 17. Qxg8+ Nxg8 18. Rac1 Ke7 19. Rfd1 Nf6 20. Rd3 Qc7 21. c3 Rg8 22. b4 Bxf3 23. Bxf3 Bxh2+ 24. Kf1 Be5 25. a3 Qc4 26. Be2 Qe4 27. f3 Qh4 28. Rdd1 Qh1+ 29. Kf2 Rxg2+ 30. Ke3 Qh6+ 31. Kd3 Qg6+ 32. Ke3 Qg5+ 33. Kd3 Qf5+ 34. Kd2 Qxf3 35. Re1 Ne4+ 36. Kc2 Rxe2+ 37. Rxe2 Qxe2+ 38. Kb1 h5 39. Rc2 Nxc3+ 40. Kb2 Na4+ 41. Kb1 Qd1+ 42. Rc1 Qb3# 0-1